Normal view
MARC view
Entry Personal Name
001 - CONTROL NUMBER
- control field: 7480
003 - CONTROL NUMBER IDENTIFIER
- control field: OSt
005 - DATE AND TIME OF LATEST TRANSACTION
- control field: 20160330173337.0
008 - FIXED-LENGTH DATA ELEMENTS
- fixed length control field: 160330|| aca||aabn | a|a d
040 ## - CATALOGING SOURCE
- Original cataloging agency: OSt
- Transcribing agency: OSt
100 ## - HEADING--PERSONAL NAME
- Personal name: Rahman, Md. Anisur
- Fuller form of name: (Muhammad Anisur)
670 ## - SOURCE DATA FOUND
- Source citation: Work cat.: (OSt)3341: Rahman, Md. Anisur (Muhammad Anisur), People's self development :, 1993.
